Villes de Grands prix de Formule 1 - Statistiques

Statistiques générales
  • Ce quiz a été pris 599 fois
    537 depuis la dernière actualisation
  • Le résultat moyen est 18 sur 31
Statistiques - réponses
Hint Réponse % Correct
Grand Prix de Monaco Monaco
94%
Grand Prix d'Espagne Barcelone
87%
Grand Prix d'Australie Melbourne
87%
Grand Prix d'Italie Monza
84%
Grand Prix du Mexique Mexico
79%
Grand Prix de Singapour Singapour
78%
Grand Prix d'Azerbaïdjan Bakou
76%
Grand Prix du Canada Montreal
76%
Grand Prix de Grande-Bretagne Silverstone
76%
Grand Prix de France Le Castellet
71%
Grand Prix du Brésil Sao Paulo
71%
Grand Prix de Chine Shanghai
69%
Grand Prix des États-Unis Austin
65%
Grand Prix de Hongrie Budapest
65%
Grand Prix du Japon Suzuka
65%
Grand Prix des Émirats Abou Dabi
62%
Grand Prix de Russie Sotchi
57%
Grand Prix du Luxembourg (1997-98) Luxembourg
52%
Grand Prix de Saint-Marin (1981-2006) Saint-Marin
47%
Grand Prix d'Autriche Spielberg
47%
Grand Prix de Corée du Sud (2010-13) Séoul
46%
Grand Prix de Suisse (1950-54) Berne
44%
Grand Prix de Bahrein Sakhir
43%
Grand Prix d'Inde (2011-13) New Delhi
42%
Grand Prix d'Allemagne Hockenheim
39%
Grand Prix de Belgique Francorchamps
34%
Grand Prix de Malaisie (1999-2017) Kuala Lumpur
34%
Grand Prix du Maroc (1958) Casablanca
31%
Grand Prix d'Afrique du Sud (1992-93) Johannesburg
24%
Grand Prix du Japon (1994-95) Kobe
4%
Grand Prix de Suède (1973-78) Anderstorp
2%
Aucun quiz correspondant
Distribution des résultats
% des personnes avec chaque résultat
Percentile par nombre de réponses
Votre historique - résultats
Vous n’avez pas pris ce quiz depuis la dernière actualisation